La Grande Occasione

-д хадгалсан:
Номзүйн дэлгэрэнгүй
Үндсэн зохиолч: Massimo D'alema
Формат: Ном
Хэл сонгох:Тодорхойгүй
Хэвлэсэн: Mondatori
Шошгууд: Шошго нэмэх
Шошго байхгүй, Энэхүү баримтыг шошголох эхний хүн болох!

MARC

LEADER 00000nam a2200000Ia 4500
001 R-1090/1
003 CODICE-MESSINA
005 20260212102502.0
008 260211s9999 xx 000 0 und d
040 |c importazione_messina 
100 |a Massimo D'alema  
245 0 |a La Grande Occasione 
260 |b Mondatori 
942 |2 ddc  |c BK 
952 |0 0  |1 0  |2 ddc  |4 0  |6 SCAFFALE_10_000000000000000__ROMANZI  |7 0  |9 31921  |a ME  |b ME  |d 2026-02-11  |l 0  |o SCAFFALE 10 - ROMANZI  |p R-1090/1  |r 2026-02-11 23:52:51  |w 2026-02-11  |x [REVISIONARE]  |y BK 
999 |c 27586  |d 27586